000 00375nam a2200145 a 4500
005 20140513081056.0
008 070807s19uu xx 00 eng d
020 _a0-382-21240-1
050 _aP
_bREM 1990
245 _aRemembering my past.
260 _aNew Jersey :
_bSilver Burdett and Ginn,
_c1990.
440 _aWorld of languge
650 _aMemories
999 _c116523
_d116523